[Event "Niteroi op 2nd"]
[Site "Niteroi"]
[Date "2022.09.07"]
[Round "9"]
[White "De Souza, Roberto Fabelino"]
[Black "Nobre, Jose Adalberto Barb"]
[Result "1-0"]
[WhiteElo "1742"]
[BlackElo "1585"]
[PlyCount "58"]
[EventDate "2022.09.01"]
[EventType "swiss"]
[EventRounds "9"]
[EventCountry "BRA"]
[SourceTitle "EXT 2024"]
[Source "ChessBase"]
[SourceDate "2023.10.10"]
[SourceVersion "1"]
[SourceVersionDate "2023.10.10"]
[SourceQuality "1"]

1. c4 Nf6 2. g3 g6 3. Bg2 Bg7 4. Nc3 0-0 5. e4 d6 6. Nge2 Nbd7 7. 0-0 e5 8. d3 c6 9. Rb1 Nc5 10. b4 Ne6 11. Be3 Ng4 12. Qd2 Nxe3 13. fxe3 Bd7 14. d4 h5 15. d5 Ng5 16. Rbd1 Bg4 17. dxc6 bxc6 18. Qxd6 Qb6 19. Qc5 Qxc5 20. bxc5 Rfd8 21. Rd6 Bf8 22. Rxc6 Rac8 23. Rxc8 Rxc8 24. Nc1 Bxc5 25. Nd5 Bh3 26. Bxh3 Nxh3+ 27. Kg2 Ng5 28. Nd3 Nxe4 29. Nxe5 Nd6 1-0

[Event "Mombaca op 6th"]
[Site "Mombaca"]
[Date "2022.08.21"]
[Round "5"]
[White "Nobre, Jose Adalberto Barb"]
[Black "Miragaia, Pedro Maddi Damian"]
[Result "1/2-1/2"]
[WhiteElo "1593"]
[BlackElo "1822"]
[PlyCount "49"]
[EventDate "2022.08.19"]
[EventType "swiss"]
[EventRounds "6"]
[EventCountry "BRA"]
[SourceTitle "CBM 210 Extra"]
[Source "ChessBase"]
[SourceDate "2022.11.30"]
[SourceVersion "1"]
[SourceVersionDate "2022.11.30"]
[SourceQuality "1"]

1. e4 c5 2. Nc3 Nc6 3. f4 g6 4. Nf3 Bg7 5. Bb5 Nd4 6. d3 Nxb5 7. Nxb5 d6 8. Nc3 e6 9. 0-0 Ne7 10. Qe1 0-0 11. Ne2 Bd7 12. Ng3 b5 13. Rb1 d5 14. Ne5 Bc8 15. Ng4 h5 16. Ne5 dxe4 17. dxe4 Bb7 18. Be3 Qc7 19. Nd3 c4 20. Nc5 Bc8 21. c3 Nc6 22. e5 Ne7 23. b4 Nd5 24. Kh1 Nxe3 25. Qxe3 1/2-1/2

[Event "BRA-ch U2000 Amateurs"]
[Site "Sao Paulo"]
[Date "2022.06.18"]
[Round "6"]
[White "Nobre, Jose Adalberto Barb"]
[Black "Da Silva, Fabio Lima"]
[Result "0-1"]
[WhiteElo "1602"]
[BlackElo "1832"]
[PlyCount "78"]
[EventDate "2022.06.16"]
[EventType "swiss"]
[EventRounds "7"]
[EventCountry "BRA"]
[SourceTitle "CBM 208 Extra"]
[Source "ChessBase"]
[SourceDate "2022.07.31"]
[SourceVersion "1"]
[SourceVersionDate "2022.07.31"]
[SourceQuality "1"]

1. e4 c5 2. Nc3 d6 3. f4 g6 4. Nf3 Bg7 5. Bb5+ Bd7 6. Bc4 Nc6 7. 0-0 e6 8. d3 Nge7 9. Nb5 Qb8 10. f5 gxf5 11. Nc3 0-0 12. a3 a6 13. Qe1 Kh8 14. Qh4 f6 15. Bh6 Qe8 16. Bxg7+ Kxg7 17. Qg3+ Qg6 18. Qxd6 Rad8 19. Qxc5 f4 20. Qf2 e5 21. Kh1 Bg4 22. Ne2 Kh8 23. Rae1 f5 24. Nh4 Qf6 25. Nxf5 Nxf5 26. exf5 Bxf5 27. Nc3 Be6 28. Ne4 Qe7 29. Bxe6 Qxe6 30. Qh4 Qg6 31. Qg5 Rd6 32. Qxg6 Rxg6 33. Rf2 Nd4 34. c3 Nf5 35. Nc5 Ne3 36. Rxe3 fxe3 37. Rxf8+ Kg7 38. Rf3 Rf6 39. Rxf6 e2 0-1

[Event "BRA-ch U2000 Amateurs"]
[Site "Sao Paulo"]
[Date "2022.06.16"]
[Round "1"]
[White "Nobre, Jose Adalberto Barb"]
[Black "Tsuchie, Pedro Pinheiro"]
[Result "0-1"]
[WhiteElo "1602"]
[BlackElo "1835"]
[PlyCount "52"]
[EventDate "2022.06.16"]
[EventType "swiss"]
[EventRounds "7"]
[EventCountry "BRA"]
[SourceTitle "CBM 208 Extra"]
[Source "ChessBase"]
[SourceDate "2022.07.31"]
[SourceVersion "1"]
[SourceVersionDate "2022.07.31"]
[SourceQuality "1"]

1. e4 e6 2. d4 d5 3. Nc3 Nf6 4. e5 Nfd7 5. f4 c5 6. Nf3 Be7 7. Bd3 Nc6 8. Be3 Qb6 9. Na4 Qa5+ 10. c3 cxd4 11. Bd2 b5 12. cxd4 Qxa4 13. Bc2 Qa6 14. a3 Qb6 15. Be3 b4 16. f5 exf5 17. Bxf5 Ndxe5 18. Bxc8 Rxc8 19. Nxe5 Nxe5 20. 0-0 0-0 21. Re1 Ng6 22. Qg4 Bf6 23. Rac1 Rxc1 24. Rxc1 bxa3 25. bxa3 h6 26. Rf1 Re8 0-1

[Event "BRA-ch U2000 Amateurs"]
[Site "Sao Paulo"]
[Date "2022.06.16"]
[Round "2"]
[White "Santos, Sidney Marcus"]
[Black "Nobre, Jose Adalberto Barb"]
[Result "1-0"]
[WhiteElo "1731"]
[BlackElo "1602"]
[PlyCount "25"]
[EventDate "2022.06.16"]
[EventType "swiss"]
[EventRounds "7"]
[EventCountry "BRA"]
[SourceTitle "CBM 208 Extra"]
[Source "ChessBase"]
[SourceDate "2022.07.31"]
[SourceVersion "1"]
[SourceVersionDate "2022.07.31"]
[SourceQuality "1"]

1. d4 Nf6 2. Bf4 g6 3. e3 Bg7 4. Nf3 0-0 5. Be2 d6 6. 0-0 Nbd7 7. Nbd2 c5 8. c3 b6 9. h3 Bb7 10. a4 Rc8 11. Bh2 Re8 12. a5 e5 13. dxe5 1-0

[Event "Rio de Janeiro op"]
[Site "Rio de Janeiro"]
[Date "2022.04.23"]
[Round "5"]
[White "De Sousa, Maria Luisa Vieira"]
[Black "Nobre, Jose Adalberto Barb"]
[Result "0-1"]
[WhiteElo "1767"]
[BlackElo "1602"]
[PlyCount "88"]
[EventDate "2022.04.21"]
[EventType "swiss"]
[EventRounds "6"]
[EventCountry "BRA"]
[SourceTitle "EXT 2023"]
[Source "ChessBase"]
[SourceDate "2022.10.05"]
[SourceVersion "1"]
[SourceVersionDate "2022.10.05"]
[SourceQuality "1"]

1. e4 c5 2. Bc4 Nc6 3. Nf3 Nf6 4. d3 g6 5. 0-0 Bg7 6. Be3 0-0 7. Nc3 d6 8. h3 Nd7 9. Qd2 Nde5 10. Nxe5 Nxe5 11. Kh1 Nxc4 12. dxc4 Re8 13. Rab1 f5 14. Bg5 Bf6 15. Qd5+ Kg7 16. Qd2 Bxg5 17. Qxg5 fxe4 18. Nxe4 Bf5 19. f3 e6 20. Qxd8 Raxd8 21. Rbd1 Bxe4 22. fxe4 Rf8 23. c3 Rf6 24. Kg1 Kf7 25. e5 Rxf1+ 26. Rxf1+ Ke7 27. exd6+ Rxd6 28. Rf2 e5 29. Re2 Ke6 30. Kf2 Rd3 31. Re3 Rd2+ 32. Re2 Rxe2+ 33. Kxe2 e4 34. Ke3 Ke5 35. g4 h5 36. a3 h4 37. b3 a6 38. b4 b6 39. a4 a5 40. b5 g5 41. Ke2 Kf4 42. Kf2 e3+ 43. Ke2 Ke4 44. Ke1 Kd3 0-1

[Event "Rio de Janeiro op"]
[Site "Rio de Janeiro"]
[Date "2022.04.21"]
[Round "1"]
[White "Luz, Arthur Nader"]
[Black "Nobre, Jose Adalberto Barb"]
[Result "1-0"]
[WhiteElo "2231"]
[BlackElo "1602"]
[PlyCount "73"]
[EventDate "2022.04.21"]
[EventType "swiss"]
[EventRounds "6"]
[EventCountry "BRA"]
[SourceTitle "CBM 207 Extra"]
[Source "ChessBase"]
[SourceDate "2022.05.31"]
[SourceVersion "1"]
[SourceVersionDate "2022.05.31"]
[SourceQuality "1"]

1. d4 d5 2. c4 c6 3. Nf3 a6 4. cxd5 cxd5 5. e3 Nf6 6. Be2 Nc6 7. 0-0 Bg4 8. h3 Bh5 9. Nc3 e6 10. Bd2 Bd6 11. Rc1 0-0 12. a3 Rc8 13. b4 Ne4 14. Na4 f5 15. Nc5 Nxc5 16. dxc5 Bb8 17. Nd4 Bxe2 18. Qxe2 Rf6 19. Nxc6 Rxc6 20. f4 Rg6 21. Qf2 Ba7 22. Bc3 Qc8 23. Bb2 b6 24. cxb6 Bxb6 25. Rxc6 Qxc6 26. Rc1 Qb7 27. Kh2 h5 28. Be5 Qa8 29. Rc2 Kh7 30. a4 Qa7 31. Rc3 Qd7 32. a5 d4 33. exd4 Bd8 34. Qf3 h4 35. Qc6 Qxc6 36. Rxc6 Rg3 37. Rxa6 1-0

[Event "Sao Jose dos Campos op 3rd"]
[Site "Sao Jose dos Campos"]
[Date "2021.08.21"]
[Round "1"]
[White "Calcado, Acyr Rogerio"]
[Black "Nobre, Jose Adalberto Barb"]
[Result "1-0"]
[WhiteElo "2107"]
[BlackElo "1602"]
[PlyCount "59"]
[EventDate "2021.08.21"]
[EventType "swiss"]
[EventRounds "5"]
[EventCountry "BRA"]
[SourceTitle "CBM 204 Extra"]
[Source "ChessBase"]
[SourceDate "2021.11.30"]
[SourceVersion "1"]
[SourceVersionDate "2021.11.30"]
[SourceQuality "1"]

1. e4 c5 2. Nf3 g6 3. d4 cxd4 4. Nxd4 Bg7 5. c4 Nc6 6. Be3 Nf6 7. Nc3 Qa5 8. Nb3 Qc7 9. Nd5 Qd8 10. Bd3 Ne5 11. Bd4 d6 12. f4 Nxd3+ 13. Qxd3 e6 14. Nxf6+ Bxf6 15. Bxf6 Qxf6 16. Qxd6 Qe7 17. 0-0-0 Bd7 18. Qd4 0-0-0 19. Qxa7 Bc6 20. Nd4 Qb4 21. Nxc6 Qxc4+ 22. Kb1 Qxe4+ 23. Ka1 bxc6 24. Rc1 Qd5 25. Qa4 Kb7 26. Qb4+ Kc7 27. a3 Rb8 28. Qe7+ Kc8 29. Rhd1 Rb7 30. Qf6 1-0

[Event "Taubate op"]
[Site "Taubate"]
[Date "2020.11.02"]
[Round "5"]
[White "Nobre, Jose Adalberto Barb"]
[Black "Frattini, Beatriz Maria"]
[Result "0-1"]
[WhiteElo "1622"]
[BlackElo "1868"]
[PlyCount "106"]
[EventDate "2020.10.31"]
[EventType "swiss"]
[EventRounds "6"]
[EventCountry "BRA"]
[SourceTitle "CBM 199 Extra"]
[Source "ChessBase"]
[SourceDate "2021.01.31"]
[SourceVersion "1"]
[SourceVersionDate "2021.01.31"]
[SourceQuality "1"]

1. e4 c5 2. Nc3 a6 3. f4 e6 4. Nf3 b5 5. d3 Bb7 6. g3 g6 7. Bg2 Bg7 8. 0-0 Ne7 9. d4 cxd4 10. Nxd4 d5 11. f5 e5 12. f6 Bxf6 13. Qf3 Nd7 14. Nde2 d4 15. Bh3 0-0 16. Bxd7 Bg7 17. Bh3 dxc3 18. Nxc3 b4 19. Na4 Qd4+ 20. Be3 Qxe4 21. Qxe4 Bxe4 22. Bc5 Rfe8 23. Bd7 Red8 24. Nb6 Nd5 25. Nxa8 Rxd7 26. Nb6 Rc7 27. Nxd5 Bxd5 28. Bf2 Bh6 29. Rad1 Bxa2 30. Rfe1 f6 31. Rd8+ Kf7 32. Red1 Ke6 33. g4 Bf4 34. R8d6+ Ke7 35. Rxa6 Be6 36. h3 f5 37. Ra7 Rxa7 38. Bxa7 fxg4 39. Bc5+ Kf6 40. hxg4 Bxg4 41. Rd6+ Kf5 42. Bxb4 h5 43. Be1 g5 44. Bd2 Bxd2 45. Rxd2 e4 46. Kf2 Kf4 47. Rd8 e3+ 48. Ke1 h4 49. Rf8+ Kg3 50. b4 h3 51. b5 h2 52. Rf1 Kg2 53. b6 Bf3 0-1

[Event "Bicas Copa dos Inconfidentes"]
[Site "Bicas"]
[Date "2020.10.18"]
[Round "5"]
[White "Nobre, Jose Adalberto Barb"]
[Black "Cardoso, Marcio de Lucca"]
[Result "0-1"]
[WhiteElo "1622"]
[BlackElo "1888"]
[PlyCount "63"]
[EventDate "2020.10.17"]
[EventType "swiss"]
[EventRounds "5"]
[EventCountry "BRA"]
[SourceTitle "EXT 2022"]
[Source "ChessBase"]
[SourceDate "2021.10.06"]
[SourceVersion "1"]
[SourceVersionDate "2021.10.06"]
[SourceQuality "1"]

1. e4 c5 2. Nf3 e6 3. d4 cxd4 4. Nxd4 a6 5. Nc3 Qc7 6. Be2 Nf6 7. a3 b5 8. 0-0 Bb7 9. Bf3 d6 10. Re1 Nbd7 11. Qe2 Be7 12. Bg5 0-0 13. Rad1 Ne5 14. Rd3 Nxd3 15. Qxd3 Rac8 16. Nce2 d5 17. e5 Ne4 18. Bxe7 Qxe7 19. Ng3 Nc5 20. Qd2 Rc7 21. Qf4 Rfc8 22. h4 Nd7 23. c3 Nf8 24. Qg4 Kh8 25. Nh5 Ng6 26. g3 Rc4 27. Be2 R4c7 28. Bd3 Qf8 29. Nf4 Nxf4 30. gxf4 g6 31. Kh2 h5 32. Qh3 0-1

[Event "Osasco Terzian Memorial"]
[Site "Osasco"]
[Date "2019.12.08"]
[Round "5"]
[White "Nobre, Jose Adalberto Barb"]
[Black "Aragao Neto, Joao Batista"]
[Result "1-0"]
[WhiteElo "1631"]
[BlackElo "1735"]
[PlyCount "83"]
[EventDate "2019.12.06"]
[EventType "swiss"]
[EventRounds "6"]
[EventCountry "BRA"]
[SourceTitle "CBM 193 Extra"]
[Source "ChessBase"]
[SourceDate "2020.01.31"]
[SourceVersion "1"]
[SourceVersionDate "2020.01.31"]
[SourceQuality "1"]

1. e4 c5 2. Nc3 Nc6 3. f4 e6 4. Bb5 a6 5. Bxc6 bxc6 6. Nf3 Nf6 7. d3 Be7 8. 0-0 0-0 9. b3 d5 10. e5 Nd7 11. Na4 Qc7 12. Ba3 f6 13. Qe1 Qa7 14. Kh1 h6 15. Nd4 cxd4 16. Bxe7 Rf7 17. Bd6 f5 18. Qa5 Bb7 19. Nc5 Nxc5 20. Qxc5 Qxc5 21. Bxc5 Rc7 22. b4 g5 23. g3 Rg7 24. Rg1 Bc8 25. a4 Bd7 26. Rgb1 Rb8 27. b5 cxb5 28. axb5 axb5 29. Bxd4 Be8 30. c3 Bh5 31. fxg5 hxg5 32. Ra6 f4 33. Rxe6 fxg3 34. hxg3 Bf3+ 35. Kg1 Rh7 36. Kf2 g4 37. Rf6 Rh2+ 38. Ke3 Re2+ 39. Kf4 Rd2 40. e6 Rxd3 41. Rg6+ Kf8 42. Bc5+ 1-0

[Event "Sao Paulo ECP op 5th"]
[Site "Sao Paulo"]
[Date "2019.12.01"]
[Round "6"]
[White "Nobre, Jose Adalberto Barb"]
[Black "Merguizo, Marco Antonio"]
[Result "0-1"]
[WhiteElo "1631"]
[BlackElo "1550"]
[PlyCount "46"]
[EventDate "2019.11.29"]
[EventType "swiss"]
[EventRounds "6"]
[EventCountry "BRA"]
[SourceTitle "CBM 193 Extra"]
[Source "ChessBase"]
[SourceDate "2020.01.31"]
[SourceVersion "1"]
[SourceVersionDate "2020.01.31"]
[SourceQuality "1"]

1. e4 e5 2. Nf3 Nc6 3. d4 exd4 4. Bc4 Bb4+ 5. c3 dxc3 6. bxc3 Ba5 7. Qb3 Qe7 8. Ba3 d6 9. 0-0 Nh6 10. e5 Nxe5 11. Nxe5 Qxe5 12. f4 Qe3+ 13. Kh1 0-0 14. Bb2 Ng4 15. Na3 Bb6 16. Qc2 Bf5 17. Qe2 Qxe2 18. Bxe2 Nf2+ 19. Rxf2 Bxf2 20. Nb5 Bb6 21. Bf3 Rab8 22. c4 Rfe8 23. h3 Be4 0-1